Catálogo
Digital

Catálogo
Digital

Riesgos en la construcción (Record no. 14025)

MARC details
000 -CABECERA
campo de control de longitud fija 01387nam a2200313 4500
003 - IDENTIFICADOR DEL NÚMERO DE CONTROL
campo de control EC-UNACH
005 - FECHA Y HORA DE LA ÚLTIMA TRANSACCIÓN
campo de control 20251017095132.0
006 - CÓDIGOS DE INFORMACIÓN DE LONGITUD FIJA--CARACTERÍSTICAS DEL MATERIAL ADICIONAL
campo de control de longitud fija s||||gr|||| 00| 00
008 - DATOS DE LONGITUD FIJA--INFORMACIÓN GENERAL
campo de control de longitud fija 150116t9999 mx r gr 000 0 spa d
020 ## - NÚMERO INTERNACIONAL ESTÁNDAR DEL LIBRO
Número Internacional Estándar del Libro 978-958-771-000-7
040 ## - FUENTE DE LA CATALOGACIÓN
Centro catalogador/agencia de origen EC-UNACH
Centro/agencia transcriptor EC-UNACH
041 ## - CÓDIGO DE LENGUA
Código de lengua del texto/banda sonora o título independiente spa
082 04 - NÚMERO DE LA CLASIFICACIÓN DECIMAL DEWEY
Número de edición 23
Número de clasificación 690.22 HEN L011518
Número de documento/Ítem L011518
110 ## - ENTRADA PRINCIPAL--NOMBRE DE ENTIDAD CORPORATIVA
Nombre de entidad corporativa o nombre de jurisdicción como elemento de entrada Ecoe Ediciones
245 ## - MENCIÓN DE TÍTULO
Título Riesgos en la construcción
250 ## - MENCIÓN DE EDICIÓN
Mención de edición Tercera edición
264 ## - Producción, publicación, distribución, fabricación y copyright
Lugar de producción, publicación, distribución, fabricación Bogotá
Nombre del de productor, editor, distribuidor, fabricante Ecoe Ediciones
Fecha de de producción, publicación, distribución, fabricación o copyright 2013
300 ## - DESCRIPCIÓN FÍSICA
Extensión 180 páginas
Otras características físicas Tablas, Gráficos
505 ## - NOTA DE CONTENIDO CON FORMATO
Nota de contenido con formato Tabla de contenidos. --<br/>Capítulo 1. Aspectos legales de la seguridad y salud en el trabajo aplicables a la construcción en Colombia. --<br/>Capítulo 2. Riesgos asociados a los procesos constructivos típicos de obra. --<br/>Capítulo 3. Manejo de equipos y herramientas. --<br/>Capítulo 4. Manejo y almacenamiento de materiales. --<br/>Capítulo 5. Técnicas para identificación y evaluación de riesgos laborales. --<br/>Capítulo 6. El sistema de gestión en la empresa. --<br/>Bibliografía. --<br/>Consultas electrónicas.<br/><br/>
650 ## - PUNTO DE ACCESO ADICIONAL DE MATERIA--TÉRMINO DE MATERIA
Término de materia o nombre geográfico como elemento inicial ETAPA DE DESCAPOTE
650 ## - PUNTO DE ACCESO ADICIONAL DE MATERIA--TÉRMINO DE MATERIA
Término de materia o nombre geográfico como elemento inicial CERCADOS Y BARRERAS
650 ## - PUNTO DE ACCESO ADICIONAL DE MATERIA--TÉRMINO DE MATERIA
Término de materia o nombre geográfico como elemento inicial MODELO DUPONT
650 ## - PUNTO DE ACCESO ADICIONAL DE MATERIA--TÉRMINO DE MATERIA
Término de materia o nombre geográfico como elemento inicial HIGIENE INDUSTRIAL
700 ## - PUNTO DE ACCESO ADICIONAL--NOMBRE DE PERSONA
Nombre de persona Henao Robledo, Fernando
942 ## - ELEMENTOS DE PUNTO DE ACCESO ADICIONAL (KOHA)
Tipo de ítem Koha Libros
Fuente del sistema de clasificación o colocación Clasificación Decimal Dewey
999 ## - NÚMEROS DE CONTROL DE SISTEMA (KOHA)
Koha biblionumber 14025
Holdings
Estado de pérdida Fuente del sistema de clasificación o colocación Estado dañado No para préstamo Localización permanente Ubicación/localización actual Ubicación en estantería Fecha de adquisición Fuente de adquisición Número de inventario Total de préstamos Signatura topográfica completa Código de barras Fecha visto por última vez Número de copia Precio válido a partir de Tipo de ítem Koha Centro de costos
  Clasificación Decimal Dewey     Biblioteca Campus Norte Biblioteca Campus Norte Ingeniería Industrial 16/10/2025 Disposición Transitoria SEGUNDA. Resolución No. 0311-CU-UNACH-SE-ORD-16-09-2024 39933244   690.22 HEN L011518 L011518 08/10/2025 Ej: 01 08/10/2025 Libros  
  Clasificación Decimal Dewey     Biblioteca Campus Norte Biblioteca Campus Norte Ingeniería Industrial 16/10/2025 Disposición Transitoria SEGUNDA. Resolución No. 0311-CU-UNACH-SE-ORD-16-09-2024 39933245   690.22 HEN L011541 L011541 08/10/2025 Ej: 02 08/10/2025 Libros  

Powered by Koha